| 000 | 00477nam a2200169Ia 4500 | ||
|---|---|---|---|
| 003 | GCL | ||
| 008 | 140319s9999 xx 000 0 eng d | ||
| 040 |
_aGCL / _cGCL |
||
| 082 | 0 | 4 |
_a944.0816 _bD I |
| 100 | 1 | _aCOLLINS, LARRY | |
| 245 | 1 | 0 |
_aIS PARIS BURNING? ADOLF HITLER: AUGUST 15,1944 / _cCOLLINS, LARRY |
| 700 | 1 | _aLAPIERRE, DOMINIOUE | |
| 260 |
_a[S.N] : _bPOCKET CARDINAL ، _c1966 |
||
| 300 | _a397 P | ||
| 650 | 0 | 4 | _aFRANCE - HISTORY - 20TH CENTURY |
| 942 |
_2ddc _cBK |
||
| 999 |
_c14158 _d14158 |
||